1985 1454 1634 1218 1905 1774 1624 1420 1242 1101 1595 1836 1742 1066 1922 1439 1391 1658 1950 1927 1767 1915 1661 1982 1810 1167 1879 1720 1184 1201 1093 1011 1534 1510 1544 1337 1137 1701 1586 1702 1767 1800 1872 1265 1306 1162 1107 1886 1843 1124 1833 1697 1714 1768 1080 1694 1338 1492 1014 1267 1223 1721 1603 1972 1002 1832 1558 1805 1927 1570 1042 1854 1759 1591 1102 1093 1286 1656 1421 1334 1723 1258 1694 1552 1635 1627 1387 1057 1827 1919 1505 1254 1827 1680 1537 1672 1179 1541 1993 BCNSPRNW ULIB Ver.6.0+V

เปลี่ยนเป็นภาษาไทย

Change to English
 แสดงรายละเอียดบรรณานุกรม
  กลับหน้าหลัก

Brief Record : Get Marc (ISO 2709) : E-mail record : QR code < ปิดหน้าต่าง
LEADER : 00000nam 2200000uu 4500
001    13399124507
003     ULIB
008    150817s2556 th a 000 0 tha d
020    9789749804244
020    9789749804247
090    นว.^bล158ม ล.7
100    ล่อร่า อิงกัลล์ส์ ไวล์เดอร์;^eผู้แต่ง
245    เมืองเล็กในทุ่งกว้าง/^cล่อร่า อิงกัลล์ส์ ไวล์เดอร์. ; เขียน ,สุคนธรส. ; แปล
250    พิมพ์ครั้งที่ 8
260    กรุงเทพฯ :^bแพรวเยาวชน,^c2556
300    308 หน้า;^b18.5 ซม.
500    หนังสือชุดบ้านเล็ก
700    สุคนธรส ;^eแปล
945    ^p220^l0^i039778
999    ^aทศพร
รายการนี้ยังไม่มีแท็ก
คุณยังไม่ได้ล็อกอิน คุณสามารถมีกิจกรรมร่วมกับเว็บไซต์ได้ แต่ต้องล็อกอินก่อน ::
  ล็อกอิน

รายการสื่อสารสนเทศ

ลำดับที่ ประเภท เลขเรียก/บาร์โค้ด สถานที่ สถานะ
1. นวนิยาย
นวนิยาย
นว. ล158ม ล.7 ฉ.1 
  Barcode: 039778
ห้องสมุดวิทยาเขตสวรรค์ประชารักษ์
►นวนิยาย
บนชั้น
  ขอยืม

BibComment


ยังไม่เคยถูกคอมเมนท์

คอมเมนท์ทรัพยากรรายการนี้
  คอมเมนท์: เมืองเล็กในทุ่งกว..


 Copyright 2026. Bcnsprnw @Library